00217nam a2200097Ia 4500008004100000100000900041245001300050260003400063300000900097650001300106190216s9999||||xx |||||||||||||| ||und|| aNull 0aCommerce b"Progress Publishers, Moscow" a396p aCommerce